Catl̀ogo de legislacin̤ en lenguas indg̕enas

Detalles Bibliográficos
Autor Corporativo: Instituto Nacional de Lenguas Indigenas
Formato: eBook
Lenguaje:español
Publicado: Bogot ̀: Instituto Nacional de Lenguas Indigenas, 2013
Materias:
Acceso en línea:Acceso restringido

MARC

LEADER 00000nam a22000007a 4500
005 20130916173754.0
007 cr|||| ||||
008 130916s2013 mx |||||s|||| 00||0 spa d
035 |a 11474 
040 |a vLex 
090 |c 4489  |d 4489 
245 0 0 |a Catl̀ogo de legislacin̤ en lenguas indg̕enas  |h [Recurso electrn̤ico] 
256 |a Servicio en ln̕ea 
260 |a Bogot ̀:  |b Instituto Nacional de Lenguas Indigenas,  |c 2013 
300 |a 1 recurso electrn̤ico 
506 1 |a Contenido solo disponible en los productos indicados  |d vLex Global  |d vLex Global (Academic Edition, excluding Law Schools)  |d vLex Global (U.S. Academic Edition, Law Schools)  |d vLex Global (U.S. Academic Edition, excluding Law Schools)  |d vLex Global (Academic Edition, Law Schools) 
650 0 4 |a Lengua Nativa  |x Derecho y legislacin̤  |z Mx̌ico 
710 2 |a Instituto Nacional de Lenguas Indigenas 
740 0 |a vLex Libros (Servicio en ln̕ea) 
856 4 0 |u http://vlex.com/source/catalogo-legislacion-lenguas-indigenas-11474  |z Acceso restringido 
942 |c BOOK 
999 0 |a Native language